00000000nas 2200000zi 4500
0019.880296
003CaOODSP
00520250722160635
006m    go  d f      
007cr cn ||||||||
008191007d20162023oncar p o    f0   a0eng|d
022 |a2819-5299
040 |aCaOODSP|beng|erda|cCaOODSP
043 |an-cn---
0861 |aE78-1E-PDF
222 0|aExports of military goods
24500|aExports of military goods.
2461 |iIssue for 2023 has title: |aExports of military goods and technology
264 1|a[Ottawa] : |bGlobal Affairs Canada = Affaires mondiales Canada, |c[2017-2024]
310 |aAnnual
336 |atext|btxt|2rdacontent
337 |acomputer|bc|2rdamedia
338 |aonline resource|bcr|2carrier
3621 |aBegan with: 2016; ceased with: 2023.
500 |aIssued also in French under title: Les exportations de marchandises militaires.
588 |aDescription based on: 2016.
588 |aLatest issue consulted: 2023.
69207|2gccst|aArms control
69207|2gccst|aExports
69207|2gccst|aInternational cooperation
69207|2gccst|aInternational security
69207|2gccst|aPolicy
69207|2gccst|aWeapons
7101 |aCanada. |bGlobal Affairs Canada, |eissuing body.
77508|tLes exportations de marchandises militaires.|w(CaOODSP)9.880284
78000|tReport on export of military goods from Canada. |w(CaOODSP)9.504691
78500|tAnnual report on strategic goods and technologies pursuant to section 27 of the Export and Import Permits Act.|w(CaOODSP)9.952404